|
|
|
|
| LEADER |
00000nam0a2200000 4500 |
| 001 |
281535 |
| 005 |
20231101235418.0 |
| 035 |
|
|
|a (RuTPU)RU\TPU\book\305320
|
| 090 |
|
|
|a 281535
|
| 100 |
|
|
|a 20150123d1986 k y0rusy50 ca
|
| 101 |
0 |
|
|a rus
|
| 102 |
|
|
|a RU
|
| 105 |
|
|
|a a z 001zy
|
| 200 |
1 |
|
|a Модернизация систем отопления и вентиляции в реконструируемых зданиях
|e межвузовский сборник
|f Ростовский инженерно-строительный институт ; под ред. Е. А. Штокмана
|
| 210 |
|
|
|a Ростов-на-Дону
|c Изд-во Ростовского инж.-строит. ин-та
|d 1986
|
| 215 |
|
|
|a 171 с.
|c ил.
|
| 320 |
|
|
|a Библиография в конце статей
|
| 606 |
|
|
|a Отопительно-вентиляционные системы
|2 stltpush
|3 (RuTPU)RU\TPU\subj\47754
|9 66665
|
| 610 |
1 |
|
|a приточные системы
|
| 610 |
1 |
|
|a теплопотребление
|
| 610 |
1 |
|
|a водяное отопление
|
| 610 |
1 |
|
|a теплоносители
|
| 610 |
1 |
|
|a теплообмен
|
| 610 |
1 |
|
|a массообмен
|
| 610 |
1 |
|
|a воздухораспределение
|
| 610 |
1 |
|
|a расчет
|
| 610 |
1 |
|
|a вакуумные печи
|
| 610 |
1 |
|
|a аспирационные системы
|
| 610 |
1 |
|
|a системы кондиционирования
|
| 610 |
1 |
|
|a гидрообеспыливание
|
| 610 |
1 |
|
|a пылеулавливание
|
| 675 |
|
|
|a 697
|v 3
|
| 702 |
|
1 |
|a Штокман
|b Е. А.
|4 340
|
| 712 |
0 |
2 |
|a Ростовский инженерно-строительный институт
|2 stltpush
|3 (RuTPU)RU\TPU\col\10045
|9 24785
|
| 801 |
|
1 |
|a RU
|b 63413507
|c 20150123
|
| 801 |
|
2 |
|a RU
|b 63413507
|c 20170619
|g RCR
|
| 942 |
|
|
|c BK
|